INDIA THE CHALLENGES OF DEVELOPMENT (Record no. 5136)

MARC details
000 -LEADER
fixed length control field 00342nam a2200133Ia 4500
008 - FIXED-LENGTH DATA ELEMENTS--GENERAL INFORMATION
fixed length control field 240624s9999 xx 000 0 und d
041 ## - LANGUAGE CODE
Language code of text/sound track or separate title eng
082 ## - DEWEY DECIMAL CLASSIFICATION NUMBER
Classification number 338.910954 WOR
100 ## - MAIN ENTRY--PERSONAL NAME
Personal name WORLD BANK
245 ## - TITLE STATEMENT
Title INDIA THE CHALLENGES OF DEVELOPMENT
260 ## - PUBLICATION, DISTRIBUTION, ETC.
Date of publication, distribution, etc. 2001
Place of publication, distribution, etc. New Delhi
Name of publisher, distributor, etc. World Bank
300 ## - PHYSICAL DESCRIPTION
Extent xx, : 65 : p. : cm. ; 26
365 ## - TRADE PRICE
Currency code
Price amount 30
Holdings
Withdrawn status Lost status Damaged status Not for loan Home library Current library Shelving location Date acquired Source of acquisition Cost, normal purchase price Total Checkouts Full call number Barcode Date last seen Date last checked out Copy number Price effective from Koha item type
        IMTN IMTN Rack 13-A 05/07/2007 AP 22.00 1 338.910954 WOR 5136 12/21/2024 10/01/2024 47 06/24/2024 Books
Designed & Maintained by: LRC IMT Nagpur Contact: lrc@imtnag.ac.in© 2024. All Rights Reserved.